| 000 | 00560nam a22002057a 4500 | ||
|---|---|---|---|
| 003 | OSt | ||
| 005 | 20260629154957.0 | ||
| 008 | 260629b |||||||| |||| 00| 0 eng d | ||
| 020 | _a0-913476-75-7 | ||
| 040 | _cChuka University Library | ||
| 050 | _aLB 1025.3 .D56 1980 | ||
| 100 |
_aDinkmeyer Don _931747 |
||
| 245 | _aSystematic Training for Effective Teaching | ||
| 260 |
_aUSA _bAGS _c1980 |
||
| 300 |
_a291P _bIllustrations |
||
| 650 |
_aTeaching _99404 |
||
| 700 |
_aMcKay D. Gary _931748 |
||
| 700 |
_aJr Dinkmeyer Don _931749 |
||
| 942 |
_2lcc _cBK _n0 |
||
| 999 |
_c25477 _d25477 |
||